Ανάπτυξη διαδραστικού διαδικτυακού συστήματος για το κέντρο έρευνας για την ηλεκτρονική διακυβέρνηση : πτυχιακή εργασία :

Η παρούσα διπλωματική εργασία αφορά την σε βάθος περιγραφή και ανάλυση του ιστοτόπου του Κέντρου Έρευνας για την Ηλεκτρονική Διακυβέρνηση ( ΚΕΗΔ). Η ηλεκτρονική διακυβέρνηση γίνεται όλο και πιο σημαντικό κομμάτι για τη βελτιστοποίηση της διαχείρησης των σύγχρονων επιχειρήσεων. Το ΚΕΗΔ είναι ένας φορ...

Πλήρης περιγραφή

Αποθηκεύτηκε σε:
Λεπτομέρειες βιβλιογραφικής εγγραφής
Κύριος συγγραφέας: Δάλλας, Ιωάννης
Συγγραφή απο Οργανισμό/Αρχή: Πανεπιστήμιο Αιγαίου. Σχολή Θετικών Επιστημών. Τμήμα Μηχανικών Πληροφοριακών και Επικοινωνιακών Συστημάτων
Άλλοι συγγραφείς: Χαραλαμπίδης, Ιωάννης (dgs [Επιβλέπων καθηγητής])
Μορφή: Thesis Βιβλίο
Γλώσσα:Greek
Δημοσίευση: 2016.
Θέματα:
Διαθέσιμο Online:http://hdl.handle.net/11610/17702
Ετικέτες: Προσθήκη ετικέτας
Δεν υπάρχουν, Καταχωρήστε ετικέτα πρώτοι!

MARC

LEADER 00000cam a2200000 a 4500
001 1/113014
008 170208s2016####gr | ||| |||| ||gre||
040 |a GR-MyUa  |b gre  |c GR-MyUa  |e AACR2 
041 0 |a gre 
082 7 |a 352.3802854678   |2 (23)  
100 1 |a Δάλλας, Ιωάννης. 
245 1 0 |a Ανάπτυξη διαδραστικού διαδικτυακού συστήματος για το κέντρο έρευνας για την ηλεκτρονική διακυβέρνηση :   |b πτυχιακή εργασία :   |c του Ιωάννη Δάλλα ; επιβλέπων καθηγητής Ιωάννης Χαραλαμπίδης.  
260 |c 2016.  
300 |a 166 σ. :   |b εικ. ;   |c 30 εκ.  
500 |a Μέλη της εξεταστικής επιτροπής: Χαραλαμπίδης Ιωάννης, Δρόσος Δημήτρης, Λουκής Ευριπίδης.  
502 |a Πτυχιακή εργασία - Πανεπιστήμιο Αιγαίου, Σάμος, 2016.  
504 |a Βιβλιογραφία: σ. 166.  
506 0 |a Διάθεση πλήρους κειμένου ; Ελεύθερη πρόσβαση.  
520 8 |a Η παρούσα διπλωματική εργασία αφορά την σε βάθος περιγραφή και ανάλυση του ιστοτόπου του Κέντρου Έρευνας για την Ηλεκτρονική Διακυβέρνηση ( ΚΕΗΔ). Η ηλεκτρονική διακυβέρνηση γίνεται όλο και πιο σημαντικό κομμάτι για τη βελτιστοποίηση της διαχείρησης των σύγχρονων επιχειρήσεων. Το ΚΕΗΔ είναι ένας φορέας μελέτης, εκπαίδευσης, σχεδιασμού και υποστήριξης της εφαρμογής σύγχρονων προσεγγίσεων και μεθοδολογιών για τη διακυβέρνηση, σε τοπικό, εθνικό και διεθνές επίπεδο. Μέσω του ιστοτόπου σκοπεύουμε στο να αποτελέσουμε ένα σημείο πληροφόρησης και υποστήριξης για όσους επιθυμούν να μάθουν περισσότερα για τις εφαρμογές της ηλεκτρονικής διακυβέρνησης. Οι χρήστες μπορούν να αποτελούνται από απλούς ιδιώτες μέχρι μεγάλους οργανισμούς καθώς μέσω των εργαλείων , μελετών ,οπτικοακουστικού υλικού και έργων που προσφέρουμε μπορούμε να καλύψουμε όλες τις ανάγκες τους. Γίνεται εκτενής ανάλυση της διαδικασίας του σχεδιασμού και της υλοποίησης του ιστοτόπου καθώς και επεξήγηση των διαφόρων λειτουργιών που πραγματοποιούνται για την ολοκλήρωση του έργου.  
650 0 |a Dissertations, Academic  |z Greece. 
650 0 |a Electronic government information. 
650 0 |a Government Web sites. 
700 1 |a Χαραλαμπίδης, Ιωάννης,  |e dgs [Επιβλέπων καθηγητής] 
710 2 |a Πανεπιστήμιο Αιγαίου.   |b Σχολή Θετικών Επιστημών.   |b Τμήμα Μηχανικών Πληροφοριακών και Επικοινωνιακών Συστημάτων. 
852 |a INST  |b SAMOS  |c DIATR  |e 20170208  |h 352.3802854678 ΔΑΛ  |p 005300044322  |q 005300044322  |t DIE  |y 23 
856 |u http://hdl.handle.net/11610/17702 
924 |a Δάλλας  |b Ιωάννης  |y Σάμος  |z 2016-10 
970 |a Κοσιέρης  |b Χρήστος  |z 08-02-2017